Can you make it crossing only 2 borders? - Statistics

General Stats
  • This quiz has been taken 170 times
  • The average score is 10 of 14
Answer Stats
Hint Explanation Answer % Correct
Kazakhstan - Tajikistan through China, Kyrgyzstan or Uzbekistan Yes
90%
Greece - Montenegro through Albania Yes
90%
Italy - Spain through France Yes
88%
Israel - Tunisia not possible No
85%
Paraguay - Peru through Bolivia or Brazil Yes
83%
Costa Rica - Mexico not possible No
80%
Hungary - Liechtenstein through Austria Yes
80%
Palau - Philippines not possible, cause these are island countries No
79%
Lithuania - Moldova not possible No
76%
Bangladesh - Vietnam not possible No
73%
Niger - Senegal through Mali Yes
58%
Lesotho - Zambia not possible No
56%
Cameroon - Togo not possible No
55%
Egypt - Central African Republic through Sudan Yes
50%
No matching quizzes found
Score Distribution
Percent of People with Each Score
Percentile by Number Answered
Your Score History
You have not taken this quiz